| 000 | 00366 a2200157 4500 | ||
|---|---|---|---|
| 001 | 194302 | ||
| 020 | _a978-85-262-7850-9 | ||
| 040 | _cMagnum | ||
| 100 | _aSallut, Elza Cesar | ||
| 240 | 1 | 0 |
_aSabe de quem era aquele rabinho? _lpor |
| 245 | 1 | 0 | _aSabe de quem era aquele rabinho? |
| 300 | _a16 | ||
| 362 | 0 | _a2014 | |
| 697 | _aLITERATURA INFANTIL | ||
| 942 | _cBK | ||
| 999 |
_c194302 _d194302 |
||